Countries Bordering Oceans/Non-Landlocked countries (With static map) - Statistics

General Stats
  • This quiz has been taken 19 times
    9 since last reset
  • The average score is 125 of 151
Answers on the Map
Answers color-coded by a green-red scale on the quiz's map according to % correct below.
 
Answer Stats
% Correct
100%
100%
100%
100%
100%
88%
88%
88%
88%
88%
88%
88%
88%
88%
88%
88%
88%
88%
88%
88%
88%
88%
88%
88%
88%
88%
88%
88%
88%
88%
88%
88%
88%
88%
88%
88%
88%
88%
88%
88%
88%
88%
88%
88%
88%
88%
88%
88%
88%
88%
88%
88%
88%
88%
88%
88%
88%
88%
88%
88%
88%
88%
88%
88%
88%
88%
88%
88%
88%
88%
88%
88%
88%
88%
88%
88%
88%
88%
88%
88%
88%
88%
88%
88%
88%
88%
88%
88%
88%
88%
88%
88%
88%
88%
88%
88%
88%
88%
88%
88%
88%
88%
88%
75%
75%
75%
75%
75%
75%
75%
75%
75%
75%
75%
75%
75%
75%
75%
75%
75%
75%
75%
75%
75%
75%
75%
75%
75%
75%
75%
75%
75%
75%
75%
75%
75%
75%
75%
75%
75%
75%
75%
63%
63%
63%
63%
63%
63%
63%
50%
50%
No matching quizzes found
Score Distribution
Percent of People with Each Score
Percentile by Number Answered
Your Score History
You have not taken this quiz since the last reset